000 00487nam a2200181Ia 4500
001 19344
005 20260306172646.0
008 260306t2013||||xx |||||||||||||| ||spa||
041 _aESP
082 _a658.8342
_bR93C
100 _aRuiz de Maya, Salvador
_eAUT
245 0 _aCasos de comportamiento del consumidor. Reflexiones para la dirección de marketing
260 _c2013
300 _a359 páginas :
_c24 cm.
650 _aGEN
654 _aCAN
942 _cLIB
_dJUS
_fJUS
_2ddc
_n
999 _c19344
_d19344